Online
Catalog

Obras escogidas en doce tomos / (Record no. 24212)

MARC details
000 -CABECERA
campo de control de longitud fija 00646nam a2200181 a 4500
001 - NÚMERO DE CONTROL
campo de control 000024719
005 - FECHA Y HORA DE LA ÚLTIMA TRANSACCIÓN
campo de control 20200930023328.0
008 - DATOS DE LONGITUD FIJA--INFORMACIÓN GENERAL
campo de control de longitud fija 110202s1975 ru r 001 0 spa d
040 ## - FUENTE DE LA CATALOGACIÓN
Centro catalogador/agencia de origen DO-SdBNP
Lengua de catalogación spa
Centro/agencia transcriptor BNPHU
082 ## - NÚMERO DE LA CLASIFICACIÓN DECIMAL DEWEY
Número de clasificación xxx
Número de documento/Ítem xxxx
100 1# - ENTRADA PRINCIPAL--NOMBRE DE PERSONA
Nombre de persona Lenin, Vladímir Ilich,
Fechas asociadas al nombre 1870-1924.
9 (RLIN) 50714
245 10 - MENCIÓN DE TÍTULO
Título Obras escogidas en doce tomos /
Mención de responsabilidad, etc. V. I. Lenin.
260 ## - PUBLICACIÓN, DISTRIBUCIÓN, ETC.
Lugar de publicación, distribución, etc. Moscú :
Nombre del editor, distribuidor, etc. Progreso,
Fecha de publicación, distribución, etc. 1975.
300 ## - DESCRIPCIÓN FÍSICA
Extensión v. ;
Dimensiones 21 cm.
500 ## - NOTA GENERAL
Nota general La biblioteca sólo posee los v. 1, 2, 6
500 ## - NOTA GENERAL
Nota general Incluye referencias bibliográficas y notas al pie de las páginas.
505 0# - NOTA DE CONTENIDO CON FORMATO
Información miscelánea v. 1.
Título 1894-1901 --
Información miscelánea v. 2.
Título 1902-1905.
Información miscelánea v. 6
Título Julio de 1916-julio de 1917
Holdings
Estado de retiro Estado de pérdida Restricciones de uso No para préstamo Código de colección Localización permanente Ubicación/localización actual Ubicación en estantería Fecha de adquisición Número de inventario Total de préstamos Signatura topográfica completa Código de barras Fecha visto por última vez Precio válido a partir de Tipo de ítem Koha
        Monografías: Libros y Folletos General General En catalogación 02.02.2011 LF1   t. 1 24719-10 25.06.2020 25.06.2020 Préstamo en sala
        Monografías: Libros y Folletos General General En catalogación 02.02.2011 LF1   t. 2 24719-20 25.06.2020 25.06.2020 Préstamo en sala

Powered by Koha